Johannes Brahms /
Uložené v:
| Hlavný autor: | |
|---|---|
| Médium: | Kniha |
| Jazyk: | Slovak |
| Vydané: |
Bratislava :
Štátne hudobné vydavateĺstvo,
1963.
|
| Vydanie: | 1. vyd. |
| Edícia: | Hudobné profily
sv. 2 |
| ISBN: |
(brož.) |
| Fyzický popis: |
101 s. : fotogr., obr. príl. |
| Tagy: |
Pridať tag
Žiadne tagy, Buďte prvý kto otaguje tento záznam!
|
Titul je dostupný aj v ... 

MARC
| LEADER | 00000nam a2200000 a 4500 | ||
|---|---|---|---|
| 001 | 000119607 | ||
| 005 | 20091209190426.0 | ||
| 008 | 970428s1963 xo u slo d | ||
| 020 | |a (brož.) | ||
| 040 | |a SVKKK |b slo |c SVKKK |e AACR2 | ||
| 041 | 0 | |a slo | |
| 044 | |a xo |c SK | ||
| 100 | 1 | |a Hrabussay, Zoltán |4 aut | |
| 245 | 1 | 0 | |a Johannes Brahms / |c Zoltán Hrabussay. |
| 250 | |a 1. vyd. | ||
| 260 | |a Bratislava : |b Štátne hudobné vydavateĺstvo, |c 1963. | ||
| 300 | |a 101 s. : |b fotogr., obr. príl. | ||
| 490 | 1 | |a Hudobné profily |v sv. 2 | |
| 830 | 0 | |a Hudobné profily |v sv. 2 | |
| 910 | |a svkkk | ||
| 998 | |a BK | ||
| 090 | |g SCKHL |k Sklad Hlavná 10 suterén |a I.25521 |j 328192 |i 119607-10 |s Vyradená | ||